| 000 | 00585nam a2200205 a 4500 | ||
|---|---|---|---|
| 001 | 000030957 | ||
| 005 | 20200930062620.0 | ||
| 008 | 110608s1962 dr a 000 0 spa d | ||
| 040 |
_aDO-SdBNP _bspa _cBNPHU |
||
| 082 |
_axxx _bR457 |
||
| 100 | 1 |
_aReyes, Ramón Emilio _91234 |
|
| 245 | 1 | 3 |
_aEl cerco / _cRamón Emilio Reyes. |
| 260 |
_aSanto Domingo : _bEditora del Caribe, _c1962. |
||
| 300 |
_a44 p. : _bil. ; _c25 cm. |
||
| 490 | 1 | _aBaluarte | |
| 490 | 1 |
_aBrigadas dominicanas _vv. 9 |
|
| 830 | 0 |
_aBaluarte _935758 |
|
| 830 | 0 |
_aBrigadas dominicanas _nno. 9 _957471 |
|
| 049 | _aBNPD | ||
| 999 |
_c30449 _d30449 |
||